Emisie oxidu uhoľnatého v Slovenskej republike pre rôzne úrovne regionálneho členenia
Rozbor dát o emisiách CO v Slovenskej republike pre rôzne úrovne regionálneho členenia, konkrétne na úrovni štátu, na úrovni krajov a tiež na úrovni jednotlivých okresov v období 2019-2021. Potvrdilo sa, že v produkcii CO existujú značné rozdiely medzi jednotlivými regiónmi, vyvolané rôznymi charakt...
Na minha lista:
| Autor principal: | |
|---|---|
| Formato: | Capítulo de Livro |
| Idioma: | eslovaco |
| Assuntos: | |
| Tags: |
Sem tags, seja o primeiro a adicionar uma tag!
|
MARC
| LEADER | 00000naa$a2200000$$$4500 | ||
|---|---|---|---|
| 001 | 0297387 | ||
| 005 | 20240502074513.4 | ||
| 041 | 0 | |a slo | |
| 044 | |a SK | ||
| 245 | 1 | 0 | |a Emisie oxidu uhoľnatého v Slovenskej republike pre rôzne úrovne regionálneho členenia |c Michaela Chocholatá |
| 520 | |a Rozbor dát o emisiách CO v Slovenskej republike pre rôzne úrovne regionálneho členenia, konkrétne na úrovni štátu, na úrovni krajov a tiež na úrovni jednotlivých okresov v období 2019-2021. Potvrdilo sa, že v produkcii CO existujú značné rozdiely medzi jednotlivými regiónmi, vyvolané rôznymi charakteristikami konkrétneho regiónu, napr. odlišnosťami v druhoch ekonomickej činnosti, či spôsobe vykurovania domácností. | ||
| 610 | 2 | 0 | |a emisie |
| 610 | 2 | 0 | |a prostredie životné |
| 610 | 2 | 0 | |a regióny |
| 610 | 2 | 0 | |a Slovensko |
| 610 | 2 | 0 | |a okresy |
| 610 | 2 | 0 | |a rozdiely regionálne |
| 100 | 1 | |a Chocholatá, Michaela, 1977- | |